000 00914cam a22002893a 4500
001 1698
003 PGUSA
005 20140828083005.0
008 990401s1999||||xxu|||||s|||||000 1 eng d
040 _aPGUSA
_beng
042 _adc
050 4 _aPQ
100 1 _aVerne, Jules,
_d1828-1905
245 1 4 _aThe Survivors of the Chancellor
_h[electronic resource] /
_cJules Verne
260 _bProject Gutenberg,
_c1999
500 _aThis is from a different source than our previous edition (#1652) Also see the computer-read audio version, #8989
506 _aPublic domain in the USA.
516 _aElectronic text
653 _aShipwrecks -- Fiction
653 _aShipwreck victims -- Fiction
653 _aShip captains -- Fiction
653 _aSea stories
653 _aCargo ships -- Fiction
830 0 _aProject Gutenberg
_v1698
856 4 0 _uhttp://www.gutenberg.org/ebooks/1698
942 _cEB
999 _c231044
_d231044